THE WANKEL RC ENGINE DESIGN AND PERFORMANCE (Record no. 583444)

000 -LEADER
fixed length control field 00309nam a22001217a 4500
082 ## - DEWEY DECIMAL CLASSIFICATION NUMBER
Classification number 629.25 ANS'W
100 ## - MAIN ENTRY--PERSONAL NAME
Personal name ANSDALE, R. F,LOCKEY, D. J
9 (RLIN) 78301
245 ## - TITLE STATEMENT
Title THE WANKEL RC ENGINE DESIGN AND PERFORMANCE
260 ## - PUBLICATION, DISTRIBUTION, ETC.
Place of publication, distribution, etc. LONDON
Name of publisher, distributor, etc. LIFE BOOKS
Date of publication, distribution, etc. 1968
300 ## - PHYSICAL DESCRIPTION
Extent 158P
650 ## - SUBJECT ADDED ENTRY--TOPICAL TERM
Topical term or geographic name entry element ACC NO-
9 (RLIN) 10453
942 ## - ADDED ENTRY ELEMENTS (KOHA)
Koha item type Book
Holdings
Withdrawn status Lost status Damaged status Not for loan Permanent Location Current Location Shelving location Date acquired Total Checkouts Full call number Barcode Date last seen Price effective from Koha item type
        College of Electrical & Mechanical Engineering (CEME) College of Electrical & Mechanical Engineering (CEME) General Stacks 06/15/2017   629.25 ANS'W CEME-8329 06/28/2021 06/28/2021 Book
© 2023 Central Library, National University of Sciences and Technology. All Rights Reserved.